00603pab a2200205 454500008004000000100001600040245008000056260000900136300001500145362001200160650001800172650001300190650001000203650001100213700002000224773001800244909001100262999001900273952010500292180718b2017 xxu||||| |||| 00| 0 eng d aLalitha, S. aEntrepreneurial interest among tribal youth in Durg district, Chhattishgarh c2017 ap.266-279. aJul-Sep aEntrepreneurs aTraining aYouth aTribes aBotcha, Rambabu aSocial Action a115651 c115645d115645 00104070aIIPAbIIPAd2018-07-19hVolume no: 67, Issue no: 3pAR116111r2018-07-19w2018-07-19yAR